000
00329nam a2200121Ia 4500
008
231129s9999||||xx |||||||||||||| ||spa||
020
_a
84-206-5109-5 (v.1)
040
_b
spa
082
_a
R 803 D545Li
245
0
_a
Diccionario de literatura Penguin-Alianza
264
_a
Alianza
942
_2
ddc
_c
BKS
999
_c
9359
_d
9359